00628nam a2200121Ia 4500008004100000020003400041050002600075245010900101260004100210300001700251650016700268700007100435120626s9999 xx 000 0 und d a978-1-59749-224-9 (rústica) aQA76.9.D314 I565 2008 aInfosecurity 2008 threat analysis / [authors, Champ Clark III ... [y otros.]] ; foreword by Richard Ford aBurlington, Massachusetts : Syngress axxiv, 442 p. aSEGURIDAD EN BASES DE DATOS \ SEGURIDAD INFORMÁTICA \ PROTECCIÓN DE DATOS \ COMPUTADORAS - CONTROL DE ACCESO \ TELECOMUNICACIONES - MEDIDAS DE SEGURIDAD  aCLARK, Champ, III, colaborador \ FORD, Richard, prologuista Ì